000 01282nam a2200361 i 4500
001 35508
003 KOSZ 005
005 20200203082623.0
008 981010s1998 pl a f |000 0 pol
020 _a8301125314
040 _cKOSZ 005
_aKOSZ 005
_dKOSZ 005/HR
041 1 _apol
_hita
046 _k1998
080 _a912(100)
080 _a(03)
245 0 0 _aAtlas encyklopedyczny PWN /
_c[tł. z wł. Wojciech Jekiel, Joanna Młynarska].
246 1 _iTyt. oryg.:
_aGrande atlante geografico De Agostini
260 _aWarszawa :
_bWydaw. Naukowe PWN ;
_aNovara :
_bInstituto Geografico De Agostini,
_c1998.
300 _aXVI, 352 s. :
_bfot. kolor., mapy, rys., wykr. ;
_c38 cm.
380 _aMapy
388 _a1901-2000
388 _a1989-2000
500 _aOryg. : "Grande atlante geografico De Agostini".
504 _aBibliogr. s. 270-271. - Indeksy.
651 7 _aŚwiat
655 _aAtlas geograficzny
658 _aGeografia i nauki o Ziemi
700 1 _aJekiel, Wojciech
_d(1937- )
_eTłumaczenie
700 1 _aMłynarska, Joanna
_eTłumaczenie
710 2 _aWydawnictwo Naukowe PWN
856 _uhttp://koha.tu.koszalin.pl/cgi-bin/koha/opac-detail.pl?biblionumber=33508
_yKatalog online BPK
942 _cKS
_2UKD
999 _c33508
_d33508